00501nam a2200145Ia 4500008004100000020001800041041000800059082001700067100006000084245015700144250000600301260001900307300000800326650002100334210716s2005 xx 000 0 und d a9780789026057 aeng a338.064 MARK aMarshall, Kimball P; Piper, William S; Wymer, Walter W. aGovernment policy and program impacts on technology development transfer and commercialization: international perspectives.bInternational perspectives. a1 aNew Yorkc2005 a335 aEntrepreneurship